Atlas of vascular surgery / (رقم التسجيلة. 3462)

تفاصيل مارك
000 -الفاتح
حقل البيانات ثابتة الطول 00876pam a2200277 a 4500
001 - رقم الضبط
رقم الضبط 2911321
003 - محدد رقم الضبط
رقم الضبط OSt
005 - وقت وتاريخ اخر تعامل مع التسجيلة
رقم الضبط 20150408113746.0
008 - عناصر البيانات ثابتة الطول - معلومات عامة
حقل البيانات ثابتة الطول 880829s1989 nyua 001 0 eng c
010 ## - رقم ضبط مكتبة الكونجرس
رقم ضبط مكتبة الكونجرس 88028507
020 ## - الرقم الدولى المعيارى للكتب
الرقم الدولى المعيارى للكتاب 9780443065927
040 ## - مصدر الفهرسة
وكالة الفهرسة الأصلية DNLM/DLC
وكالة النسخ DLC
وكالة التعديل DLC
050 10 - رقم طلب مكتبة الكونجرس
رقم التصنيف RD598.5
رقم المادة .Z37 1989
060 ## - رقم الطلب بالمكتبة الطبية الوطنية
رقم التصنيف WG 17 Z37a
082 00 - رقم تصنيف ديوى العشرى
رقم التصنيف 617/.413
رقم الطبعة 19
100 1# - المدخل الرئيسى - إسم شخصى
الإسم الشخصى Zarins, Christopher K.
9 (RLIN) 8889
245 10 - بيان العنوان
العنوان Atlas of vascular surgery /
بيان المسئوليه,etc Christopher K. Zarins, Bruce L. Gewertz ; illustrated by Kathy Hirsh.
260 ## - PUBLICATION, DISTRIBUTION, ETC. (IMPRINT)
مكان الناشر او الموزع New York :
اسم الناشر او الموزع Churchill Livingstone,
تاريخ النشر أو التوزيع 1989.
300 ## - الوصف المادى
التعداد xvi, 208 p. :
تفاصيل ماديه اخرى للوعاء ill. ;
أبعاد الوعاء 29 cm.
440 #0 - بيان السلسلة/مدخل إضافى-العنوان
العنوان Surgical practice illustrated
9 (RLIN) 8889
500 ## - تبصرة عامة
تبصرة عامة Includes index.
650 #0 - المدخل الاضافى بالموضوع-مصطلح موضوعى
مصطلح موضوعي أو اسم جغرافي كعنصر مدخل Blood-vessels
التقسيم الفرعي العام Surgery
-- Atlases.
9 (RLIN) 8889
650 #2 - المدخل الاضافى بالموضوع-مصطلح موضوعى
مصطلح موضوعي أو اسم جغرافي كعنصر مدخل Vascular Surgery
التقسيم الفرعي العام atlases.
9 (RLIN) 8889
700 1# - المدخل الاضافى - اسم شخصى
الإسم الشخصى Gewertz, Bruce L.
9 (RLIN) 8889
942 ## - عناصر المدخل الإضافي( كوها)
مصدر التصنيف او مخطط الترفيف Dewey Decimal Classification
Koha [default] item type كتاب
المقتنيات
حالة الفقد نموذج السعر الفعال حالة تلف ليس للاعارة رقم الطلب تاريخ الاكتساب الموقع الحالي الباركود الفرع الرئيسي Date last seen نوع المادة فى نظام كوها مصدر التصنيف او خطة الترفيف Total Checkouts
  2013-03-10     617.413 Z C A 2011-12-21 مكتبة مجمع الكليات بالزلفى - طلاب (SZM) 00012706 مكتبة مجمع الكليات بالزلفى - طلاب (SZM) 2013-03-10 كتاب Dewey Decimal Classification  
  2013-03-10     617/.617.413 Z C A 2011-12-21 مكتبة مجمع الكليات بالزلفى - طلاب (SZM) 00012705 مكتبة مجمع الكليات بالزلفى - طلاب (SZM) 2013-03-10 كتاب Dewey Decimal Classification